| 000 | 00658nam a2200205Ia 4500 | ||
|---|---|---|---|
| 003 | GCL | ||
| 008 | 140319s9999 xx 000 0 ara d | ||
| 040 |
_aGCL / _cGCL |
||
| 082 | 0 | 4 |
_aد _b050 |
| 100 | 1 | _aامام عبدالفتاح امام | |
| 245 | 1 | 0 |
_aالفكر الشرقى القديم (عالم المعرفة 199) / _cامام عبدالفتاح امام |
| 700 | 1 | _aكامل يوسف حسين | |
| 700 | 1 | _aكولر, جون | |
| 300 | _a464 ص | ||
| 490 |
_aعالم المعرفة _v0 |
||
| 650 | 0 | 4 | _aالفلسفة الشرقية |
| 650 | 0 | 4 | _aالفلسفة القديمة |
| 650 | 0 | 4 | _aالفلسفة الهندية |
| 942 |
_2ddc _cBK |
||
| 999 |
_c45667 _d45667 |
||